000
00326nam a22001457a 4500
003
SGT
020
_a
8172291736
082
_a
954.035
_b
S48B
100
_a
BOSS, NIRMAL KUMAR
245
_a
SELECTIONS FROM GANDHI
260
_b
NAVJIVAN PUBLISHING HOUSE
_c
1948
300
_a
320
650
_a
INDIAN HISTORY
942
_2
ddc
_c
BK
999
_c
27596
_d
27596